Szczegóły MARC21

STOSUNKI Rosja - NATO przed i po 11 września ; Dążenia Litwy, Łotwy i Estonii do integracji z NATO i UE a stosunki tych krajów z Rosją.

005 -DATA I CZAS OSTATNIEJ MODYFIKACJI [,]
    • @
    • pole kontrolne
    • 20070315155141.9
040 -Instytucja sporządzająca opis [ , ]
    • a
    • Instytucja, która sporządziła opis (NP)
    • SZCZ U
    • c
    • Instytucja, która sporządziła rekord (NP)
    • SZCZ U
942 -Rodzaj dokumentu [ , ]
    • c
    • Rodzaj dokumentu
    • Książka
245 -Strefa tytułu i oznaczenia odpowiedzialności [0, ]
    • a
    • Tytuł
    • STOSUNKI Rosja - NATO przed i po 11 września ; Dążenia Litwy, Łotwy i Estonii do integracji z NATO i UE a stosunki tych krajów z Rosją. Find
260 -Strefa adresu wydawniczego [ , ]
    • a
    • Miejsce wydania (P)
    • Warszawa :
    • b
    • Nazwa wydawcy (P)
    • OSW,
    • c
    • Data wydania (P)
    • 2002.
300 -Strefa opisu fizycznego [ , ]
    • a
    • Określenie formy książki i/lub objętość (NP)
    • 60 :
    • c
    • Format (NP)
    • 30 cm.
490 -Strefa serii i książki wielotomowej - forma nie do wyszukiwania [0, ]
    • z
    • Numer rekordu powiązanego
    • 120685
    • a
    • Tytuł (P)
    • (PRACE OSW / Ośrodek Studiów Wschodnich ; Find
    • y
    • Zob. egzemplarze
    • 4
    • v
    • Numeracja (P)
    • Nr 4)
500 -Uwaga ogólna [ , ]
    • a
    • Uwaga ogólna (NP)
    • ISSN 1642-4484
080 -Uniwersalna Klasyfikacja Dziesiętna [ , ]
    • a
    • Symbol klasyfikacji
    • 32(4-11)"1989/..."
080 -Uniwersalna Klasyfikacja Dziesiętna [ , ]
    • a
    • Symbol klasyfikacji
    • :327.51"1989/..."
080 -Uniwersalna Klasyfikacja Dziesiętna [ , ]
    • a
    • Symbol klasyfikacji
    • :339.923:061.2UE(4-67)"1989/..."
980 -Symbol UKD [ , ]
    • a
    • UKD
    • 32(4-11)"1989/...":327.51]"1989/...":339.923:061.2UE](4-67)"1989/..."
Numer inwentarzowy Numer tomu Status udost. Lokalizacja Data inwentaryzacji Powiązanie z serią Sygnatura
Tc.1642Nr 41Tc2005-01-264Tc.1639